Classification using convolutional kernal networks (Record no. 6504)

MARC details
000 -LEADER
fixed length control field 00528nam a22001817a 4500
003 - CONTROL NUMBER IDENTIFIER
control field OSt
005 - DATE AND TIME OF LATEST TRANSACTION
control field 20220107122850.0
008 - FIXED-LENGTH DATA ELEMENTS--GENERAL INFORMATION
fixed length control field 190620b xxu||||| |||| 00| 0 eng d
040 ## - CATALOGING SOURCE
Transcribing agency IIITMK
100 ## - MAIN ENTRY--PERSONAL NAME
Personal name Aiswarya Chandhana S (91617002)
9 (RLIN) 15884
245 ## - TITLE STATEMENT
Title Classification using convolutional kernal networks
300 ## - PHYSICAL DESCRIPTION
Extent MSC MI 2017-2019
502 ## - DISSERTATION NOTE
Degree type MSC MI
Name of granting institution 2017-2019
Year degree granted INT
-- Dr. Asharaf S
650 ## - SUBJECT ADDED ENTRY--TOPICAL TERM
Topical term or geographic name entry element CONVOLUTIONAL NEURAL NETWORK
9 (RLIN) 15885
650 ## - SUBJECT ADDED ENTRY--TOPICAL TERM
Topical term or geographic name entry element KERNAL METHODS
9 (RLIN) 15886
650 ## - SUBJECT ADDED ENTRY--TOPICAL TERM
Topical term or geographic name entry element PYTORCH
9 (RLIN) 15887
942 ## - ADDED ENTRY ELEMENTS (KOHA)
Source of classification or shelving scheme Dewey Decimal Classification
Koha item type
Holdings
Withdrawn status Lost status Source of classification or shelving scheme Damaged status Not for loan Collection code Home library Current library Shelving location Date acquired Total Checkouts Barcode Date last seen Price effective from Koha item type
    Dewey Decimal Classification     Non Fiction IIITM-K Kerala University of Digital Sciences, Innovation and Technology Knowledge Centre   20/06/2019   R-1508 20/06/2019 20/06/2019 Project Reports